Catálogo
 En Linea

El Noroeste dominicano : (Registro nro. 27555)

Detalles MARC
000 -CABECERA
campo de control de longitud fija 00615nam a2200169 a 4500
001 - NÚMERO DE CONTROL
campo de control 000028063
005 - FECHA Y HORA DE LA ÚLTIMA TRANSACCIÓN
campo de control 20200930031323.0
008 - DATOS DE LONGITUD FIJA--INFORMACIÓN GENERAL
campo de control de longitud fija 110406s1957 dr 000 0 spa d
040 ## - FUENTE DE LA CATALOGACIÓN
Centro catalogador/agencia de origen DO-SdBNP
Lengua de catalogación spa
Centro/agencia transcriptor BNPHU
049 ## - FONDOS LOCALES (OCLC)
Fondos de biblioteca BNPD
100 1# - ENTRADA PRINCIPAL--NOMBRE DE PERSONA
Nombre de persona Fignolé, Daniel
9 (RLIN) 55087
245 13 - MENCIÓN DE TÍTULO
Título El Noroeste dominicano :
Resto del título [Conferencia pronunciada el miércoles 2 de junio de 1948] /
Mención de responsabilidad, etc. Daniel Fignolé.
260 ## - PUBLICACIÓN, DISTRIBUCIÓN, ETC.
Lugar de publicación, distribución, etc. Ciudad Trujillo, República Dominicana :
Nombre del editor, distribuidor, etc. Edicones Ateno Dominicano,
Fecha de publicación, distribución, etc. 1957.
300 ## - DESCRIPCIÓN FÍSICA
Extensión 30 p. ;
Dimensiones 23 cm.
504 ## - NOTA DE BIBLIOGRAFÍA, ETC.
Nota de bibliografía, etc. Bibliografía : p. 29-30
534 ## - NOTA SOBRE LA VERSIÓN ORIGINAL
Encabezamiento principal del original Reprodución
Mención de edición del original Haiti
Publicación, distribución, etc. del original Imprenta de A. P. Barthelemy, 1949
Existencias
Estado de retiro Estado de pérdida No para préstamo Código de colección Localización permanente Ubicación/localización actual Ubicación en estantería Fecha de adquisición Número de inventario Total de préstamos Signatura topográfica completa Código de barras Fecha visto por última vez Precio válido a partir de Tipo de ítem Koha Nota pública
    Excluido de préstamo Patrimonio Dominicano Patrimonio Dominicano Patrimonio Dominicano En catalogación 06.04.2011 LF1   28063-10 25.06.2020 25.06.2020 Libro y Folleto Colección Patrimonio Dominicano Perteneció a la biblioteca personal de Carlos Larrabazal Blanco.

Con tecnología Koha